000 01238nam a22002897a 4500
005 20220210162303.0
008 220210b ||||| |||| 00| 0 eng d
020 _a0719576695
040 _cAloy
041 _aeng
082 _223
_a530
_bDUNA
100 _aTom Duncan
_919061
245 _aAdvanced Physics
250 _a5th ed.
260 _aLondon:
_bJohn Murray,
_c2004
300 _aix,587 p.
_bPB
_c27x21 cm.
365 _2Physics
_aABDI/0543/22
_b34.50
_c£
_d46.00
_e25%
_f07-02-2022
520 _aThis A Level Physics textbook covers all the requirements of the AS and A2 Physics specifications. This fifth edition has been updated to include: revisions to the content to reflect changing AS and A Level specifications; a new chapter on cosmology and astrophysics; revisions to text and photographs to ensure that examples are up-to-date; updated examination questions from recent past papers; samples of the use of spreadsheets and dataloggers; and the use of full colour throughout.
650 _aPhysics
_919048
650 _aMaterials
_919049
650 _aMechanics
_919050
650 _aFields
_919051
650 _aWaves
_919052
650 _aAtoms
_919053
700 _aDUNCAN (Tom)
_919054
942 _2ddc
_cBK
999 _c221468
_d221468